[Event "FICS rated blitz game"]
[Site "FICS freechess.org"]
[Date "2018.01.28"]
[Round "?"]
[White "jbuky"]
[Black "rnolet"]
[Result "0-1"]
[WhiteElo "1400"]
[BlackElo "1404"]
[PlyCount "116"]
[EventDate "2018.??.??"]
[EventType "blitz"]

1. e4 c5 2. Nf3 Nc6 3. d4 cxd4 4. Nxd4 Nf6 5. Nc3 d6 6. Be2 e5 7. Nb3 Be7 8.
O-O Be6 9. g3 O-O 10. Bf3 Rc8 11. Be3 a6 12. Qe2 b5 13. Rfd1 Qc7 14. a3 Rfd8
15. Rd2 Bc4 16. Qe1 Na5 17. Nc1 d5 18. exd5 e4 19. Nxe4 Nxe4 20. Bxe4 Bf6 21.
c3 Bb3 22. Bf4 Qd7 23. d6 Re8 24. Re2 Bc4 25. Re3 Be6 26. Qd1 Nc4 27. Re2 Bg4
28. f3 Bh5 29. Nb3 Bg6 30. Bxg6 hxg6 31. Rxe8+ Rxe8 32. Kg2 g5 33. Bc1 Qxd6 34.
Qxd6 Nxd6 35. Nc5 Nc4 36. Ne4 g4 37. Nxf6+ gxf6 38. fxg4 Re2+ 39. Kf3 Rxh2 40.
b3 Nd2+ 41. Bxd2 Rxd2 42. Ke3 Rg2 43. Kf3 Rc2 44. c4 bxc4 45. bxc4 Rxc4 46. a4
Kg7 47. a5 Kg6 48. Re1 Ra4 49. Re8 Rxa5 50. Rg8+ Kh7 51. Rf8 Kg7 52. Ra8 Ra3+
53. Kf4 a5 54. g5 fxg5+ 55. Kxg5 Rxg3+ 56. Kf4 Ra3 57. Ra6 Ra1 58. Ke3 a4 0-1

[Event "FICS rated standard game"]
[Site "FICS freechess.org"]
[Date "2018.01.28"]
[Round "?"]
[White "pertinent"]
[Black "bigzy"]
[Result "1-0"]
[WhiteElo "1716"]
[BlackElo "1885"]
[PlyCount "137"]
[EventDate "2018.??.??"]

1. e4 c5 2. Nf3 d6 3. d4 cxd4 4. Nxd4 Nc6 5. Be2 Nf6 6. Nc3 e5 7. Nf5 d5 8. Ng3
d4 9. Nb1 Bb4+ 10. Bd2 Qb6 11. c3 Bc5 12. O-O Qxb2 13. cxd4 Bxd4 14. Bc3 Bxc3
15. Nxc3 Qxc3 16. Qd6 Qd4 17. Qa3 Qb4 18. Qd3 O-O 19. Rab1 Qd4 20. Qc2 Rb8 21.
Rfd1 Nb4 22. Qb3 Be6 23. Rxd4 Bxb3 24. Rxb4 Bxa2 25. Ra1 a5 26. Rb5 Be6 27.
Rbxa5 Nd7 28. h3 h6 29. Bg4 Bxg4 30. hxg4 b6 31. Rb5 g6 32. Rd1 Rfd8 33. Rd6
Kg7 34. Ne2 Nc5 35. Rxd8 Rxd8 36. f3 Rd6 37. Nc3 Nd7 38. Nd5 Kf8 39. Kf2 g5 40.
Ke3 Kg7 41. g3 Kg6 42. f4 exf4+ 43. gxf4 gxf4+ 44. Nxf4+ Kg7 45. Nh5+ Kg6 46.
e5 Re6 47. Ke4 Kg5 48. Ng7 Kxg4 49. Nxe6 fxe6 50. Rb1 h5 51. Rg1+ Kh4 52. Kf4
Kh3 53. Rh1+ Kg2 54. Rxh5 Nc5 55. Rh6 b5 56. Rg6+ Kf2 57. Rg8 b4 58. Rc8 Nd3+
59. Kg5 b3 60. Kf6 b2 61. Rb8 Kf3 62. Kxe6 Kf4 63. Kd6 Ke4 64. e6 Kd4 65. e7
Kc3 66. e8=Q Nb4 67. Qe3+ Kc4 68. Qe2+ Kb3 69. Rxb4+ 1-0

[Event "FICS rated blitz game"]
[Site "FICS freechess.org"]
[Date "2018.01.28"]
[Round "?"]
[White "smarlny"]
[Black "mdeleon"]
[Result "1-0"]
[WhiteElo "1444"]
[BlackElo "1421"]
[PlyCount "68"]
[EventDate "2018.??.??"]
[EventType "blitz"]

1. e4 c5 2. Nf3 d6 3. d4 cxd4 4. Nxd4 Nc6 5. Nc3 Nf6 6. Be2 e5 7. Nb3 Be7 8.
Bg5 O-O 9. O-O a6 10. f4 b5 11. fxe5 Nxe5 12. Nd4 Bb7 13. Nf5 Qc7 14. Nxe7+
Qxe7 15. Bxf6 gxf6 16. Nd5 Bxd5 17. Qxd5 Kh8 18. Rad1 Rad8 19. Bd3 Rg8 20. Qd4
Rg7 21. Qf2 Rdg8 22. g3 Ng4 23. Qf4 h5 24. Be2 Rg6 25. Bxg4 hxg4 26. Qxd6 Qxe4
27. Qd3 Qe5 28. c3 Qh5 29. Qe2 Qc5+ 30. Qf2 Qh5 31. Rd6 Rh6 32. Rxf6 Rh7 33.
Rxf7 Rxf7 34. Qxf7 Qc5+ 1-0

[Event "Nova Gorica op 23rd"]
[Site "Nova Gorica"]
[Date "2018.01.27"]
[Round "2"]
[White "Belardinelli, Franco"]
[Black "Berke, Ana"]
[Result "0-1"]
[WhiteElo "1862"]
[BlackElo "2122"]
[PlyCount "67"]
[EventDate "2018.01.26"]
[EventType "swiss"]
[EventRounds "9"]
[EventCountry "SLO"]
[SourceTitle "OM OTB B 201907"]
[Source "Opening Master"]
[SourceDate "2019.07.06"]
[SourceVersion "2"]
[SourceVersionDate "2019.07.06"]
[SourceQuality "1"]

1. e4 c5 2. Nf3 d6 3. d4 cxd4 4. Nxd4 Nf6 5. Nc3 Nc6 6. Be2 e5 7. Nb3 Be7 8.
Bg5 Be6 9. O-O O-O 10. Bf3 h6 11. Be3 a5 12. a3 a4 13. Nc1 Qa5 14. N1e2 Rfd8
15. Ng3 d5 16. exd5 Nxd5 17. Nxd5 Bxd5 18. Bxd5 Rxd5 19. Qg4 Rd6 20. Rad1 Rg6
21. Qc4 b5 22. Qe4 b4 23. Nf5 Bf8 24. Rd5 Qa6 25. axb4 Bxb4 26. Rfd1 Bf8 27. h4
Qe2 28. Rd7 Nd4 29. R7xd4 exd4 30. Qxa8 Qxd1+ 31. Kh2 dxe3 32. Ne7+ Kh7 33.
Nxg6 fxg6 34. Qxf8 0-1

[Event "FICS rated blitz game"]
[Site "FICS freechess.org"]
[Date "2018.01.26"]
[Round "?"]
[White "borisak"]
[Black "octopolsky"]
[Result "0-1"]
[WhiteElo "1698"]
[BlackElo "1701"]
[PlyCount "82"]
[EventDate "2018.??.??"]
[EventType "blitz"]

1. e4 c5 2. Nf3 Nc6 3. d4 cxd4 4. Nxd4 Nf6 5. Nc3 d6 6. Be2 e5 7. Nb3 Be6 8.
Be3 d5 9. exd5 Nxd5 10. Nxd5 Qxd5 11. Qxd5 Bxd5 12. f3 O-O-O 13. a3 Be7 14. c4
Be6 15. Kf2 b6 16. Rhd1 Rxd1 17. Rxd1 Rd8 18. Rxd8+ Kxd8 19. Bd3 f5 20. a4 Kc7
21. Bd2 Nb4 22. Be2 a5 23. Nc1 Nc6 24. b3 Nd4 25. Bd3 Bc5 26. Kf1 Ba3 27. f4 e4
28. Be2 Bxc1 29. Bxc1 Nxb3 30. Bb2 g6 31. Ke1 Kc6 32. Ba3 Nc5 33. Bd1 Bxc4 34.
Kd2 Kd5 35. Ke3 Bf1 36. g3 Ba6 37. Bc2 Bb7 38. Bb2 Bc6 39. Bb1 Bxa4 40. Ba2+
Bb3 41. Bb1 Kc4 0-1

[Event "FICS rated blitz game"]
[Site "FICS freechess.org"]
[Date "2018.01.26"]
[Round "?"]
[White "snycal"]
[Black "martk"]
[Result "1-0"]
[WhiteElo "1602"]
[BlackElo "1484"]
[PlyCount "81"]
[EventDate "2018.??.??"]
[EventType "blitz"]

1. e4 c5 2. Nf3 Nc6 3. d4 cxd4 4. Nxd4 d6 5. Nc3 Nf6 6. Be2 e5 7. Nb3 Be7 8. h3
O-O 9. Be3 Ne8 10. O-O f5 11. exf5 Bxf5 12. Nd5 Bg5 13. f4 exf4 14. Bxf4 Bxf4
15. Rxf4 Qg5 16. Qf1 Nf6 17. Bc4 Nxd5 18. Bxd5+ Kh8 19. g4 Ne7 20. Bxb7 Rab8
21. Bg2 Bxc2 22. Rxf8+ Rxf8 23. Qxf8+ Ng8 24. Nd4 Qe3+ 25. Qf2 Qxf2+ 26. Kxf2
Bd3 27. Rd1 Bc4 28. b3 Bf7 29. Nc6 h6 30. Rxd6 Nf6 31. Rd8+ Kh7 32. Ne7 a6 33.
Kg3 Be8 34. h4 Bb5 35. g5 Nh5+ 36. Kg4 Be2+ 37. Bf3 Bxf3+ 38. Kxf3 hxg5 39.
hxg5 g6 40. Rd6 Kg7 41. Nxg6 1-0

[Event "FICS unrated blitz game"]
[Site "FICS freechess.org"]
[Date "2018.01.25"]
[Round "?"]
[White "draghetto"]
[Black "Boas"]
[Result "1-0"]
[WhiteElo "1701"]
[BlackElo "1656"]
[PlyCount "85"]
[EventDate "2018.??.??"]
[EventType "blitz"]

1. e4 c5 2. Nf3 Nc6 3. d4 cxd4 4. Nxd4 Nf6 5. Nc3 d6 6. Be2 e5 7. Nb3 Be7 8.
O-O O-O 9. Kh1 Be6 10. f4 a5 11. f5 Bd7 12. Bg5 a4 13. Nd2 a3 14. b3 Nb4 15.
Bxf6 Bxf6 16. Nd5 Nxd5 17. exd5 b5 18. Ne4 Qe7 19. c4 bxc4 20. Bxc4 Bg5 21. f6
gxf6 22. Qh5 Kh8 23. h4 Bf4 24. Nxf6 Qxf6 25. g3 Qg6 26. Qxg6 fxg6 27. gxf4
exf4 28. Rae1 Rf7 29. Re4 Raf8 30. Kg2 h6 31. Rfe1 g5 32. hxg5 hxg5 33. Re7 Kg7
34. b4 Rxe7 35. Rxe7+ Rf7 36. Rxf7+ Kxf7 37. b5 g4 38. b6 Bc8 39. Kf2 Kf6 40.
Be2 Kg5 41. Bd3 Bb7 42. Bc4 Kh4 43. Bb3 1-0

[Event "Florianopolis op 4th"]
[Site "Florianopolis"]
[Date "2018.01.24"]
[Round "8"]
[White "Weber, Eduarda Pasqualoto"]
[Black "Borges, Guilherme Deola"]
[Result "0-1"]
[WhiteElo "1824"]
[BlackElo "2198"]
[PlyCount "52"]
[EventDate "2018.01.19"]
[EventType "swiss"]
[EventRounds "10"]
[EventCountry "BRA"]
[SourceTitle "OM OTB B 201907"]
[Source "Opening Master"]
[SourceDate "2019.07.06"]
[SourceVersion "2"]
[SourceVersionDate "2019.07.06"]
[SourceQuality "1"]

1. e4 c5 2. Nc3 d6 3. Nf3 Nf6 4. d4 cxd4 5. Nxd4 Nc6 6. Be2 e5 7. Nb3 Be7 8.
O-O O-O 9. Kh1 a5 10. a4 Nb4 11. f4 Qb6 12. Bf3 Be6 13. f5 Bc4 14. Be2 Qc6 15.
Bg5 d5 16. Bxf6 Bxf6 17. exd5 Nxd5 18. Rf3 Rfd8 19. Nd2 Bxe2 20. Qxe2 Nf4 21.
Qe3 Bg5 22. Nde4 Bh6 23. Rg3 Nh5 24. Qf3 Nxg3+ 25. Qxg3 f6 26. Qf2 Rd4 0-1

[Event "FICS rated standard game"]
[Site "FICS freechess.org"]
[Date "2018.01.24"]
[Round "?"]
[White "GriffySr"]
[Black "FraLav"]
[Result "1-0"]
[WhiteElo "2210"]
[BlackElo "2008"]
[PlyCount "35"]
[EventDate "2018.??.??"]

1. e4 c5 2. Nf3 d6 3. d4 cxd4 4. Nxd4 Nf6 5. Nc3 Nc6 6. Be2 e5 7. Nf3 Be7 8.
O-O O-O 9. Bg5 Be6 10. Qc1 Rc8 11. Rd1 h6 12. Be3 Ng4 13. Nd5 Nxe3 14. Qxe3 f5
15. c4 fxe4 16. Qxe4 Rxf3 17. Bxf3 Nd4 18. Rxd4 1-0

[Event "FICS rated blitz game"]
[Site "FICS freechess.org"]
[Date "2018.01.24"]
[Round "?"]
[White "smarlny"]
[Black "mdeleon"]
[Result "1-0"]
[WhiteElo "1421"]
[BlackElo "1434"]
[PlyCount "59"]
[EventDate "2018.??.??"]
[EventType "blitz"]

1. e4 c5 2. Nf3 d6 3. d4 cxd4 4. Nxd4 Nc6 5. Nc3 Nf6 6. Be2 e5 7. Nf3 Be7 8.
Bg5 O-O 9. O-O a6 10. Qd2 b5 11. a3 Be6 12. Rad1 Rc8 13. Bxf6 gxf6 14. Qh6 Kh8
15. Nh4 Rg8 16. Nf5 Rg6 17. Qe3 Bxf5 18. exf5 Rg8 19. f4 Qd7 20. fxe5 fxe5 21.
Nd5 f6 22. Nb6 Qa7 23. Qf2 Nd4 24. Nxc8 Nxe2+ 25. Kh1 Qxf2 26. Rxf2 Rxc8 27.
Rxe2 Rd8 28. g4 d5 29. c3 a5 30. Red2 1-0

[Event "FICS rated blitz game"]
[Site "FICS freechess.org"]
[Date "2018.01.24"]
[Round "?"]
[White "smarlny"]
[Black "mdeleon"]
[Result "0-1"]
[WhiteElo "1419"]
[BlackElo "1436"]
[PlyCount "90"]
[EventDate "2018.??.??"]
[EventType "blitz"]

1. e4 c5 2. Nf3 d6 3. d4 cxd4 4. Nxd4 Nc6 5. Nc3 Nf6 6. Be2 e5 7. Nxc6 bxc6 8.
Bg5 Be7 9. O-O Bb7 10. Qd2 O-O 11. Rad1 d5 12. exd5 cxd5 13. Bxf6 Bxf6 14. Nxd5
Bxd5 15. Qxd5 Qb6 16. b3 Rad8 17. Qc4 Rd4 18. Rxd4 exd4 19. Bd3 h6 20. h3 Qd6
21. Qa6 Qe5 22. Qxa7 Be7 23. f4 Qe3+ 24. Kh1 Bd6 25. Qb7 Bxf4 26. Qf3 Qxf3 27.
Rxf3 Be3 28. c3 Ra8 29. a4 Kf8 30. cxd4 Bxd4 31. Rf5 f6 32. Rd5 Be5 33. g4 Ke7
34. Bb5 g5 35. Rd7+ Ke6 36. Rh7 Kd5 37. Rxh6 Rc8 38. Rh7 Ke4 39. Rd7 Rc1+ 40.
Kg2 Rc2+ 41. Kf1 Kf4 42. a5 Kg3 43. Rh7 Kf3 44. Ke1 Bf4 45. a6 Rc1# 0-1

[Event "FICS rated blitz game"]
[Site "FICS freechess.org"]
[Date "2018.01.23"]
[Round "?"]
[White "alfnuki"]
[Black "JackInBox"]
[Result "0-1"]
[WhiteElo "1807"]
[BlackElo "1791"]
[PlyCount "124"]
[EventDate "2018.??.??"]
[EventType "blitz"]

1. e4 c5 2. Nf3 Nc6 3. d4 cxd4 4. Nxd4 Nf6 5. Nc3 d6 6. Be2 e5 7. Nb3 a5 8. Bg5
a4 9. Nd2 Be6 10. Nd5 Bxd5 11. exd5 Nd4 12. Bd3 g6 13. c3 Nf5 14. Ne4 Be7 15.
Bxf6 Bxf6 16. Nxf6+ Qxf6 17. Qf3 Ke7 18. O-O a3 19. b3 Rac8 20. c4 Nh4 21.
Qxf6+ Kxf6 22. f4 Nf5 23. g4 Ne3 24. Rf3 exf4 25. Rxf4+ Kg7 26. Re1 Rce8 27. h3
Re5 28. Re4 Rhe8 29. Rxe5 Rxe5 30. Kf2 Nxc4 31. bxc4 Kf6 32. Rxe5 Kxe5 33. Ke3
h6 34. h4 b6 35. h5 gxh5 36. gxh5 f5 37. Bf1 f4+ 38. Kd3 Kf5 39. Bh3+ Kg5 40.
Ke4 Kxh5 41. Kxf4 Kg6 42. Bd7 Kf6 43. Bc8 Kg6 44. Kg4 Kf6 45. Kh5 Ke5 46. Kxh6
Kd4 47. Ba6 Kc3 48. Kg6 Kb2 49. c5 bxc5 50. Bc4 Kc3 51. Bb3 c4 52. Ba4 Kb2 53.
Bb5 Kxa2 54. Bxc4+ Kb2 55. Kf6 Kc3 56. Ba2 Kd4 57. Ke7 Kc5 58. Ke6 Kb4 59. Kxd6
Kc3 60. Kc6 Kb2 61. d6 Kxa2 62. d7 Kb2 0-1

[Event "FICS rated blitz game"]
[Site "FICS freechess.org"]
[Date "2018.01.22"]
[Round "?"]
[White "Skorping"]
[Black "patc"]
[Result "1-0"]
[WhiteElo "1698"]
[BlackElo "1657"]
[PlyCount "129"]
[EventDate "2018.??.??"]
[EventType "blitz"]

1. e4 c5 2. Nf3 Nc6 3. d4 cxd4 4. Nxd4 Nf6 5. Nc3 d6 6. Be2 e5 7. Nb3 a5 8. a4
Be7 9. f3 O-O 10. Be3 Be6 11. O-O Bxb3 12. cxb3 Nb4 13. Bc4 Nd7 14. Nd5 Nxd5
15. Bxd5 Qb8 16. Qe2 Nf6 17. Rfd1 Nxd5 18. Rxd5 Ra6 19. Rad1 Rc8 20. Rb5 Rac6
21. g3 h6 22. Bb6 Rc2 23. Rd2 Rc1+ 24. Kg2 Rb1 25. Bxa5 Rcc1 26. Bb4 Qc8 27.
Rbd5 Rh1 28. Rd1 Rbxd1 29. Rxd1 Rxd1 30. Qxd1 Qc6 31. Qd2 Kh7 32. h4 g5 33. h5
Kg7 34. Qc3 Kf6 35. Qxc6 bxc6 36. a5 Bd8 37. Be1 Bc7 38. a6 Bb8 39. Bf2 c5 40.
b4 Ba7 41. bxc5 dxc5 42. b4 c4 43. Bxa7 c3 44. Be3 Ke6 45. Bc1 Kd6 46. a7 Kc6
47. a8=Q+ Kb6 48. Qd5 c2 49. Qxe5 Kc6 50. Qf6+ Kb5 51. Qxh6 Kxb4 52. Qf6 Kc4
53. Qxg5 Kd3 54. Qd2+ Kc4 55. Qxc2+ Kb5 56. g4 Kb4 57. g5 Kb5 58. g6 f6 59. g7
Kb4 60. g8=Q Kb5 61. Qg6 Kb4 62. Qxf6 Kb5 63. Qd4 Ka5 64. Qdb2 Ka6 65. Qa4# 1-0

[Event "FICS rated blitz game"]
[Site "FICS freechess.org"]
[Date "2018.01.22"]
[Round "?"]
[White "kpt"]
[Black "cccxb"]
[Result "1-0"]
[WhiteElo "1223"]
[BlackElo "1323"]
[PlyCount "33"]
[EventDate "2018.??.??"]
[EventType "blitz"]

1. e4 c5 2. Nf3 d6 3. d4 cxd4 4. Nxd4 Nf6 5. Nc3 Nc6 6. Be2 e5 7. Nb3 Be7 8.
Be3 Be6 9. Nd5 Nxd5 10. exd5 Bd7 11. dxc6 Bxc6 12. f3 O-O 13. Qd2 a5 14. Qd3 b5
15. Nd2 b4 16. O-O Qb6 17. Bxb6 1-0

[Event "FICS rated blitz game"]
[Site "FICS freechess.org"]
[Date "2018.01.22"]
[Round "?"]
[White "mpns"]
[Black "Koff"]
[Result "1-0"]
[WhiteElo "1920"]
[BlackElo "1904"]
[PlyCount "65"]
[EventDate "2018.??.??"]
[EventType "blitz"]

1. e4 c5 2. Nf3 d6 3. d4 Nf6 4. Nc3 cxd4 5. Nxd4 Nc6 6. Be2 e5 7. Nb3 Be6 8.
Be3 Be7 9. Qd2 a5 10. a4 O-O 11. O-O Nb4 12. Rad1 Rc8 13. f4 Ng4 14. Bxg4 Bxg4
15. Rc1 Be6 16. f5 Bc4 17. Rfd1 Qc7 18. Qf2 Qc6 19. Bb6 d5 20. exd5 Nxd5 21.
Nxd5 Bxd5 22. f6 Bxf6 23. Bxa5 Bxb3 24. cxb3 Qxc1 25. Rxc1 Rxc1+ 26. Be1 Rd8
27. g3 Rdd1 28. Qa7 Rxe1+ 29. Kf2 g6 30. Qxb7 e4 31. a5 e3+ 32. Kg2 e2 33. a6
1-0

[Event "CHI-ch sf"]
[Site "Quilpue"]
[Date "2018.01.21"]
[Round "8"]
[White "Tapia Fuentes, Jaime"]
[Black "Henriquez Villagra, Cristobal"]
[Result "0-1"]
[WhiteElo "2165"]
[BlackElo "2504"]
[PlyCount "52"]
[EventDate "2018.01.18"]
[EventType "swiss"]
[EventRounds "8"]
[EventCountry "CHI"]
[SourceTitle "OM OTB B 201907"]
[Source "Opening Master"]
[SourceDate "2019.07.06"]
[SourceVersion "2"]
[SourceVersionDate "2019.07.06"]
[SourceQuality "1"]

1. e4 c5 2. Nf3 d6 3. d4 cxd4 4. Nxd4 Nf6 5. Nc3 Nc6 6. Be2 e5 7. Nb3 Be7 8.
O-O O-O 9. Re1 a5 10. a4 Nb4 11. Bg5 Be6 12. Bf1 Rc8 13. Qd2 h6 14. Bxf6 Bxf6
15. Rad1 Bg5 16. Qxd6 Qxd6 17. Rxd6 Nxc2 18. Rxe6 fxe6 19. Re2 Nd4 20. Nxa5 b6
21. Nb7 Nxe2+ 22. Bxe2 Bc1 23. Nd6 Bxb2 24. Nxc8 Rxc8 25. Nb5 Rc1+ 26. Bf1 Ra1
0-1

[Event "FICS rated blitz game"]
[Site "FICS freechess.org"]
[Date "2018.01.21"]
[Round "?"]
[White "JackInBox"]
[Black "Aguas"]
[Result "1-0"]
[WhiteElo "1777"]
[BlackElo "1857"]
[PlyCount "59"]
[EventDate "2018.??.??"]
[EventType "blitz"]

1. e4 c5 2. Nf3 Nc6 3. d4 cxd4 4. Nxd4 Nf6 5. Nc3 d6 6. Be2 e5 7. Nb3 Be7 8.
Be3 O-O 9. a4 Be6 10. a5 Bxb3 11. cxb3 Nxa5 12. Bg5 h6 13. Bxf6 Bxf6 14. Nd5
Bg5 15. O-O f5 16. exf5 Rxf5 17. Qd3 e4 18. Qb5 Nc6 19. Qxb7 Nd4 20. Bc4 Kh8
21. Rxa7 Rxa7 22. Qxa7 Bf4 23. Qxd4 Bxh2+ 24. Kxh2 Qh4+ 25. Kg1 Rh5 26. f4 Qh2+
27. Kf2 Qh4+ 28. Ke2 Qg4+ 29. Kd2 Qxg2+ 30. Rf2 1-0

[Event "FICS rated standard game"]
[Site "FICS freechess.org"]
[Date "2018.01.21"]
[Round "?"]
[White "garomate"]
[Black "garandou"]
[Result "1/2-1/2"]
[WhiteElo "1692"]
[BlackElo "1703"]
[PlyCount "95"]
[EventDate "2018.??.??"]

1. e4 c5 2. Nf3 d6 3. d4 cxd4 4. Nxd4 Nc6 5. Nc3 Nf6 6. Be2 e5 7. Nb3 Be7 8.
O-O Be6 9. h3 O-O 10. Be3 d5 11. exd5 Nxd5 12. Nxd5 Qxd5 13. Qc1 Qd8 14. Rd1
Qc7 15. Nc5 Bxc5 16. Bxc5 Rfd8 17. Qe3 b6 18. Ba3 Nd4 19. Bd3 Nxc2 20. Qe4 f5
21. Qxa8 Nxa1 22. Qf3 e4 23. Bxe4 Rxd1+ 24. Qxd1 fxe4 25. Qxa1 Qc2 26. b3 a5
27. Qe5 Qd1+ 28. Kh2 Qd5 29. Qb8+ Kf7 30. Qf8+ Kg6 31. Bb2 Qd7 32. Qf4 Bf5 33.
h4 h6 34. Qg3+ Kh7 35. Qe5 b5 36. a3 a4 37. b4 Bg6 38. Bd4 Bf5 39. Bc5 Bg6 40.
Bd4 Qb7 41. Bc5 Qd7 42. Bd4 Qb7 43. Bc5 Qf7 44. Bd4 Qd7 45. Bc5 Qf7 46. Bd4 Qd7
47. Bc5 Qf7 48. Bd4 1/2-1/2

[Event "Tenerife-chT Preferente 1718"]
[Site "Tenerife"]
[Date "2018.01.20"]
[Round "7.1"]
[White "Alvarez Alonso, Alberto"]
[Black "Kosov, Alexey"]
[Result "1/2-1/2"]
[WhiteElo "2022"]
[BlackElo "2199"]
[PlyCount "34"]
[EventDate "2017.11.11"]
[EventType "team-tourn"]
[EventRounds "14"]
[EventCountry "ESP"]
[SourceTitle "OM OTB B 201907"]
[Source "Opening Master"]
[SourceDate "2019.07.06"]
[SourceVersion "2"]
[SourceVersionDate "2019.07.06"]
[SourceQuality "1"]
[WhiteTeam "Al Shah Mat Los Realejos"]
[BlackTeam "El Sauzal Gofio Plus"]
[WhiteTeamCountry "ESP"]
[BlackTeamCountry "ESP"]

1. e4 c5 2. Nf3 d6 3. d4 cxd4 4. Nxd4 Nc6 5. Nc3 Nf6 6. Be2 e5 7. Nb3 Be7 8.
O-O O-O 9. Be3 a5 10. f3 a4 11. Nd2 a3 12. b3 d5 13. Nxd5 Nxd5 14. exd5 Qxd5
15. Nc4 Nb4 16. c3 Qxd1 17. Raxd1 Nc2 1/2-1/2

[Event "CHI-ch sf"]
[Site "Quilpue"]
[Date "2018.01.20"]
[Round "6"]
[White "Vergara Jofre, Felipe Andres"]
[Black "Donoso Diaz, Sebastian"]
[Result "0-1"]
[WhiteElo "2293"]
[BlackElo "2090"]
[PlyCount "76"]
[EventDate "2018.01.18"]
[EventType "swiss"]
[EventRounds "8"]
[EventCountry "CHI"]
[SourceTitle "OM OTB B 201907"]
[Source "Opening Master"]
[SourceDate "2019.07.06"]
[SourceVersion "2"]
[SourceVersionDate "2019.07.06"]
[SourceQuality "1"]

1. e4 c5 2. Nf3 d6 3. d4 cxd4 4. Nxd4 Nf6 5. Nc3 Nc6 6. Be2 e5 7. Nf3 h6 8. O-O
Be7 9. Re1 O-O 10. h3 a6 11. Nh2 Qc7 12. Ng4 Bxg4 13. hxg4 b5 14. a3 b4 15.
axb4 Nxb4 16. g5 hxg5 17. Bxg5 Nh7 18. Bxe7 Qxe7 19. Bc4 Ra7 20. Bb3 Rb8 21.
Re3 Nf6 22. Rh3 a5 23. Ra4 Rd8 24. g3 Qb7 25. Qf3 Qb6 26. Ra1 a4 27. Nxa4 Qc6
28. Qh1 Kf8 29. Rh8+ Ke7 30. Rxd8 Kxd8 31. Qh8+ Ne8 32. c3 Nd3 33. Qh4+ Nf6 34.
Qh8+ Ne8 35. Qh4+ g5 36. Qxg5+ f6 37. Qd2 Qxe4 38. Rd1 Rh7 0-1

[Event "FICS rated blitz game"]
[Site "FICS freechess.org"]
[Date "2018.01.18"]
[Round "?"]
[White "suszter"]
[Black "martk"]
[Result "0-1"]
[WhiteElo "1355"]
[BlackElo "1444"]
[PlyCount "36"]
[EventDate "2018.??.??"]
[EventType "blitz"]

1. e4 c5 2. Nf3 Nc6 3. d4 cxd4 4. Nxd4 d6 5. Nc3 Nf6 6. Be2 e5 7. Nb3 Be7 8.
Be3 O-O 9. O-O Ne8 10. h3 f5 11. Nd5 f4 12. Nxe7+ Qxe7 13. Bd2 Qg5 14. Kh2 Kh8
15. g3 Qh6 16. gxf4 Qxh3+ 17. Kg1 exf4 18. Bh5 f3 0-1

[Event "FICS rated blitz game"]
[Site "FICS freechess.org"]
[Date "2018.01.17"]
[Round "?"]
[White "snycal"]
[Black "banshee"]
[Result "0-1"]
[WhiteElo "1459"]
[BlackElo "1656"]
[PlyCount "40"]
[EventDate "2018.??.??"]
[EventType "blitz"]

1. e4 c5 2. Nf3 d6 3. d4 cxd4 4. Nxd4 Nf6 5. Nc3 Nc6 6. Be2 e5 7. Nb3 Be7 8.
Be3 a6 9. a3 O-O 10. f3 Be6 11. Qd2 b5 12. g4 b4 13. axb4 Nxb4 14. h4 d5 15.
exd5 Nfxd5 16. Nxd5 Qxd5 17. Qxd5 Bxd5 18. Bd1 Rfc8 19. c3 Nd3+ 20. Kf1 Nxb2
0-1

[Event "Tourn. n9626"]
[Site "www.chess-mail.com"]
[Date "2018.01.16"]
[Round "1"]
[White "Malbertan"]
[Black "Sahlapalat"]
[Result "0-1"]
[WhiteElo "1940"]
[BlackElo "1869"]
[PlyCount "70"]
[EventDate "2018.??.??"]

1. e4 c5 2. Nf3 d6 3. d4 cxd4 4. Nxd4 Nf6 5. Nc3 Nc6 6. Be2 e5 7. Nb3 Be7 8.
O-O O-O 9. f4 exf4 10. Bxf4 Ne5 11. Qe1 Be6 12. Rd1 Qb6+ 13. Kh1 Rac8 14. Nd5
Bxd5 15. exd5 Rxc2 16. Bxe5 dxe5 17. Bd3 Rxb2 18. Qxe5 Rxa2 19. Qxe7 Qxb3 20.
d6 Qb2 21. Rg1 Ng4 22. Rdf1 Qe5 23. Qxe5 Nxe5 24. Be4 b6 25. Re1 Rd2 26. Rd1
Rxd1 27. Rxd1 Rd8 28. Kg1 Kf8 29. Kf2 g6 30. h3 Nc4 31. d7 Ne5 32. Ke3 Rxd7 33.
Rxd7 Nxd7 34. Bc6 Ke7 35. Kd4 Kd6 0-1

[Event "FICS rated standard game"]
[Site "FICS freechess.org"]
[Date "2018.01.15"]
[Round "?"]
[White "PANTANEIRO"]
[Black "ivancsics"]
[Result "0-1"]
[WhiteElo "1912"]
[BlackElo "2100"]
[PlyCount "82"]
[EventDate "2018.??.??"]

1. e4 c5 2. Nf3 Nc6 3. d4 cxd4 4. Nxd4 Nf6 5. Nc3 d6 6. Be2 e5 7. Nb3 Be7 8.
O-O O-O 9. Kh1 a5 10. Be3 a4 11. Nd2 a3 12. b3 Qa5 13. Na4 b5 14. Nb6 Rb8 15.
Nxc8 Rfxc8 16. c4 b4 17. Bd3 Bd8 18. f4 Bb6 19. Bxb6 Qxb6 20. fxe5 dxe5 21. Nf3
Rd8 22. Qe2 Rb7 23. Rad1 Rbd7 24. Bc2 Nd4 25. Nxd4 Rxd4 26. h3 Rxd1 27. Rxd1
Rd4 28. Rxd4 Qxd4 29. Qd3 Nd7 30. Qxd4 exd4 31. Kg1 Kf8 32. Kf2 Ke7 33. Kf3 Ke6
34. Kf4 f6 35. h4 Nc5 36. Bd1 Nd3+ 37. Kf3 Nc1 38. Kf4 Nxa2 39. Bg4+ Kd6 40.
Bf5 g6 41. Bg4 Nc3 0-1

[Event "FICS rated standard game"]
[Site "FICS freechess.org"]
[Date "2018.01.15"]
[Round "?"]
[White "PANTANEIRO"]
[Black "bigzy"]
[Result "0-1"]
[WhiteElo "1921"]
[BlackElo "1891"]
[PlyCount "36"]
[EventDate "2018.??.??"]

1. e4 c5 2. Nf3 d6 3. d4 cxd4 4. Nxd4 Nc6 5. Nc3 Nf6 6. Be2 e5 7. Ndb5 a6 8.
Na3 Be6 9. Be3 Be7 10. Nd5 O-O 11. Bb6 Qc8 12. Nxe7+ Nxe7 13. f3 d5 14. exd5
Nexd5 15. O-O Nxb6 16. Qd6 Nbd7 17. c4 Qc5+ 18. Qxc5 Nxc5 0-1

[Event "FICS rated standard game"]
[Site "FICS freechess.org"]
[Date "2018.01.14"]
[Round "?"]
[White "Austinte"]
[Black "bigzy"]
[Result "1-0"]
[WhiteElo "1999"]
[BlackElo "1865"]
[PlyCount "91"]
[EventDate "2018.??.??"]

1. e4 c5 2. Nf3 d6 3. d4 cxd4 4. Nxd4 Nc6 5. Nc3 Nf6 6. Be2 e5 7. Ndb5 a6 8.
Na3 b5 9. Nd5 Nxe4 10. Bf3 Bf5 11. Qe2 Nd4 12. Qd3 Nxf3+ 13. Qxf3 Bg6 14. Be3
Be7 15. Bb6 Qc8 16. Nc7+ Kd7 17. Nxa8 Qxa8 18. O-O-O Rc8 19. b4 Qc6 20. Ba5
Bg5+ 21. Kb2 Bh5 22. g4 Bg6 23. h4 Bf4 24. h5 Bxh5 25. gxh5 Nxf2 26. Qxf2 Qc3+
27. Kb1 Qxa3 28. Qa7+ Ke6 29. Qb7 Qc3 30. Qd5+ Kf5 31. Qxf7+ Ke4 32. Rhe1+ Be3
33. Qd5+ Kf5 34. Qd3+ Qxd3 35. Rxd3 Bd4 36. Rg3 Rg8 37. Rf1+ Ke6 38. c3 Ba7 39.
Rd3 g5 40. hxg6 Rxg6 41. Bc7 Kd7 42. Rf7+ Kc6 43. Rxh7 Rg1+ 44. Kc2 Rg2+ 45.
Kb3 e4 46. Rxd6+ 1-0

[Event "FICS rated standard game"]
[Site "FICS freechess.org"]
[Date "2018.01.14"]
[Round "?"]
[White "PANTANEIRO"]
[Black "MichaelOgbeide"]
[Result "0-1"]
[WhiteElo "1913"]
[BlackElo "2009"]
[PlyCount "68"]
[EventDate "2018.??.??"]

1. e4 c5 2. Nf3 d6 3. d4 cxd4 4. Nxd4 Nf6 5. Nc3 Nc6 6. Be2 e5 7. Nb3 Be6 8.
Be3 Be7 9. f3 O-O 10. Qd2 d5 11. exd5 Nxd5 12. Nxd5 Qxd5 13. Qxd5 Bxd5 14. Nc5
Nd4 15. Bxd4 exd4 16. Nd3 Bh4+ 17. g3 Bf6 18. Kf2 Rfe8 19. Rhe1 Re3 20. Bd1
Rae8 21. Rxe3 Rxe3 22. Be2 Kf8 23. c3 b6 24. Nf4 Bb7 25. Nh5 Be5 26. f4 Bd6 27.
cxd4 Re6 28. f5 Rh6 29. g4 g6 30. g5 Rxh5 31. Bxh5 gxh5 32. h4 f6 33. Re1 fxg5
34. hxg5 Bd5 0-1